00339 a2200109 4500001001000000005001700010008004100027245006800068100002000136773005600156999001700212ART_4249320260410161756.0260409a 10aLa categorización de la renta en las sociedades profesionales1 aKaplan, Hugo E.0 tDoctrina tributariag- Nº 360 (mar. 2010)wREV4296 c20088d20088